У меня есть твой номер

Библиографические подробности
Главный автор: Кинселла С. Софи
Другие авторы: Солнцева О. Ольга (переводчик)
Примечания:В один прекрасный - или ужасный, зависит от точки зрения — день жизнь обычной девушки может перевернуться с ног на голову. Именно это и произошло с Поппи. Сначала она потеряла невероятно ценное старинное кольцо, которое ей подарил жених, затем у нее украли мобильный телефон, а потом она нашла телефон, кем-то выброшенный в урну. И с этого момента ее спокойная, размеренная и скучноватая жизнь обратилась чугь ли не в триллер. До свадьбы считаные дни, а Поппи оказывается в центре запуганной истории — и все дело в чужом телефоне, номером которого она пользуется на пару с прежним владельцем. Последствия обладания чужим номером могут быть фатальными, но Поппи это только предстоит узнать.
Язык:русский
Опубликовано: Москва, Эксмо, 2012
Предметы:
Формат: Книга
Запись в KOHA:https://koha.lib.tpu.ru/cgi-bin/koha/opac-detail.pl?biblionumber=682267

MARC

LEADER 00000nam0a2200000 4500
001 682267
005 20251114144806.0
010 |a 978-5-699-57260-1 
090 |a 682267 
100 |a 20251014d2012 m||y0rusy50 ca 
101 1 |a rus  |c eng 
102 |a RU 
105 |a y z 000ay 
181 0 |a i   |b  e  
182 0 |a n 
183 0 |a nc  |2 RDAcarrier 
200 1 |a У меня есть твой номер  |f Софи Кинселла  |g пер. с англ. О. Солнцевой 
203 |a Текст  |b визуальный  |c непосредственный 
210 |a Москва  |c Эксмо  |d 2012 
215 |a 479 с. 
283 |a volume  |2 RDAcarrier 
330 |a В один прекрасный - или ужасный, зависит от точки зрения — день жизнь обычной девушки может перевернуться с ног на голову. Именно это и произошло с Поппи. Сначала она потеряла невероятно ценное старинное кольцо, которое ей подарил жених, затем у нее украли мобильный телефон, а потом она нашла телефон, кем-то выброшенный в урну. И с этого момента ее спокойная, размеренная и скучноватая жизнь обратилась чугь ли не в триллер. До свадьбы считаные дни, а Поппи оказывается в центре запуганной истории — и все дело в чужом телефоне, номером которого она пользуется на пару с прежним владельцем. Последствия обладания чужим номером могут быть фатальными, но Поппи это только предстоит узнать. 
606 |a Американская литература (англо-язычная литература)  |9 52349 
610 1 |a художественная литература 
610 1 |a романы 
610 1 |a любовные романы 
675 |a 82  |v 4 
700 1 |a Кинселла  |b С.  |g Софи 
702 1 |4 730  |a Солнцева  |b О.  |g Ольга 
801 0 |c 20251014  |a RU  |b 63413507 
942 |c BK